ბათუმის შოთა რუსთაველის სახელმწიფო უნივერსიტეტის ბიბლიოთეკა

ძველი ბერძნული ლირიკა (ბიბ.ჩანაწერი № 49432)

000 -LEADER
fixed length control field 01113nam a2200241Ia 4500
001 - CONTROL NUMBER
control field 16355
003 - CONTROL NUMBER IDENTIFIER
control field GE_BSU
008 - FIXED-LENGTH DATA ELEMENTS--GENERAL INFORMATION
fixed length control field 181216s||||||||xx |||||||||||||| ||und||
020 ## - INTERNATIONAL STANDARD BOOK NUMBER
International Standard Book Number ISBN 978-9941-15-818-6:(ძველი ბერძნული ლირიკა)
040 ## - CATALOGING SOURCE
Transcribing agency GE_BSU
080 ## - UNIVERSAL DECIMAL CLASSIFICATION NUMBER
Universal Decimal Classification number 821.14'01.03=353.1
245 ## - TITLE STATEMENT
Title ძველი ბერძნული ლირიკა
245 ## - TITLE STATEMENT
Statement of responsibility, etc. თარგმანი:გიგლა სარიშვილი,გიორგი ხომერიკი და სხვ.;რედ.:დიანა ყაისაშვილი; დიზაინერი: ია მახათაძე.
260 ## - PUBLICATION, DISTRIBUTION, ETC.
Place of publication, distribution, etc. თბილისი
260 ## - PUBLICATION, DISTRIBUTION, ETC.
Name of publisher, distributor, etc. ბაკურ სულაკაურის გამ-ბა
260 ## - PUBLICATION, DISTRIBUTION, ETC.
Date of publication, distribution, etc. 2013
300 ## - PHYSICAL DESCRIPTION
Extent 397გვ.;22სმ.
300 ## - PHYSICAL DESCRIPTION
Accompanying material ყდაზე:გუსტავ კლიმის "მუსიკა".-შენიშვნ.:318-394.
653 ## - INDEX TERM--UNCONTROLLED
Uncontrolled term ლიტერატურა
653 ## - INDEX TERM--UNCONTROLLED
Uncontrolled term ძველი ბერძნული ლირიკა
942 ## - ADDED ENTRY ELEMENTS (KOHA)
Koha item type წიგნი
ეგზემპლარები
Withdrawn status Lost status Damaged status Not for loan Date acquired Barcode Date last seen Price effective from Koha item type
        2018-12-17 40813 2018-12-17 2018-12-17 წიგნი